[Event "Gornozavodsk op"]
[Site "Gornozavodsk"]
[Date "2010.11.08"]
[Round "9"]
[White "Kotchnev, Andrey"]
[Black "Neuymina, Nadezhda"]
[Result "1-0"]
[WhiteElo "2067"]
[BlackElo "1784"]
[PlyCount "85"]
[EventDate "2010.11.01"]
[EventType "swiss"]
[EventRounds "10"]
[EventCountry "RUS"]
[SourceTitle "EXT 2012"]
[Source "ChessBase"]
[SourceDate "2011.11.24"]
[SourceVersion "1"]
[SourceVersionDate "2011.11.24"]
[SourceQuality "1"]

1. e4 e5 2. d4 exd4 3. Nf3 Bc5 4. c3 d3 5. Bxd3 d6 6. Qb3 h6 7. 0-0 Ne7 8. e5 0-0 9. Rd1 d5 10. c4 d4 11. Be4 Nbc6 12. Qb5 Bb6 13. c5 a6 14. Qc4 Ba7 15. Qc2 Nb4 16. Qa4 Bxc5 17. Nxd4 Bxd4 18. Qxb4 c5 19. Qb3 Be6 20. Qf3 Qc7 21. Bxb7 Rab8 22. Bxa6 Bxb2 23. Bxb2 Rxb2 24. Nc3 Rfb8 25. a4 Qxe5 26. Re1 Qd4 27. Nb5 Qb4 28. Qg3 Rd8 29. Qc7 Qd2 30. Qxc5 Ng6 31. Nc7 Nf4 32. Nxe6 Nxe6 33. Qe3 Qc2 34. Rec1 Qd2 35. Bc4 Ng5 36. h4 Nh7 37. Rd1 Qxd1+ 38. Rxd1 Rxd1+ 39. Kh2 Rd8 40. Qe7 Rf8 41. Bd3 Rxf2 42. Bxh7+ Kxh7 43. Qxf8 1-0

[Event "Gornozavodsk op"]
[Site "Gornozavodsk"]
[Date "2010.11.07"]
[Round "8"]
[White "Kotchnev, Andrey"]
[Black "Inkin, Viktor"]
[Result "0-1"]
[WhiteElo "2067"]
[BlackElo "2110"]
[PlyCount "74"]
[EventDate "2010.11.01"]
[EventType "swiss"]
[EventRounds "10"]
[EventCountry "RUS"]
[SourceTitle "EXT 2012"]
[Source "ChessBase"]
[SourceDate "2011.11.24"]
[SourceVersion "1"]
[SourceVersionDate "2011.11.24"]
[SourceQuality "1"]

1. e4 e6 2. d4 d5 3. Nc3 Bb4 4. e5 Ne7 5. Qg4 Ng6 6. h4 h5 7. Qg3 Nd7 8. Bg5 Be7 9. Bd3 Ndf8 10. Nf3 Bd7 11. 0-0-0 b6 12. Ne2 Rg8 13. Nf4 Nxf4 14. Qxf4 f6 15. exf6 gxf6 16. Bh6 Bd6 17. Qe3 Qe7 18. Bxf8 Qxf8 19. g3 0-0-0 20. Nd2 Kb8 21. Be2 Qf7 22. f4 Rde8 23. Qf2 Qg6 24. Rdg1 e5 25. fxe5 fxe5 26. dxe5 Bxe5 27. Bf3 Ref8 28. Qe3 Re8 29. Qb3 c6 30. Bd1 Qh6 31. Rh2 Bd4 32. Rf1 Re3 33. Qa4 Re4 34. Qa3 Be5 35. Rhf2 Re8 36. Rf7 Re3 37. Qb4 c5 0-1

[Event "Izhevsk-ch"]
[Site "Izhevsk"]
[Date "2010.02.28"]
[Round "9"]
[White "Kleimenov, Yury Afanasievich"]
[Black "Kotchnev, Andrey"]
[Result "1-0"]
[WhiteElo "2198"]
[BlackElo "2067"]
[PlyCount "97"]
[EventDate "2010.02.12"]
[EventType "swiss"]
[EventRounds "9"]
[EventCountry "RUS"]
[SourceTitle "EXT 2012"]
[Source "ChessBase"]
[SourceDate "2011.11.24"]
[SourceVersion "1"]
[SourceVersionDate "2011.11.24"]
[SourceQuality "1"]

1. Nf3 d5 2. g3 c6 3. Bg2 Bf5 4. b3 e6 5. Bb2 Nd7 6. 0-0 Ngf6 7. c4 h6 8. d3 Be7 9. Nbd2 0-0 10. Qc1 Qb6 11. a3 a5 12. Bc3 Rfd8 13. Qb2 Bf8 14. b4 axb4 15. axb4 Qc7 16. Rfe1 dxc4 17. Nxc4 Rxa1 18. Rxa1 b5 19. Ne3 Nd5 20. Nxf5 exf5 21. Nd4 N7b6 22. Nxf5 Na4 23. Rxa4 Nxc3 24. Ra6 Nd5 25. Bxd5 Rxd5 26. Ne3 Rd7 27. Qc3 c5 28. Ra5 Qb6 29. Ra8 Qb7 30. Re8 cxb4 31. Qxb4 Re7 32. Qxe7 Qxe7 33. Rxe7 Bxe7 34. Nc2 Kf8 35. d4 Ke8 36. Kf1 Kd7 37. Ke1 Kc6 38. Kd2 b4 39. Na1 Kb5 40. Kd3 Bd8 41. e4 Be7 42. Nb3 Bf8 43. f4 Bd6 44. e5 Be7 45. d5 Bd8 46. f5 f6 47. e6 Be7 48. Nd4+ Ka4 49. Kc2 1-0

[Event "Izhevsk-ch"]
[Site "Izhevsk"]
[Date "2010.02.25"]
[Round "7"]
[White "Fedoseev, Vladimir"]
[Black "Kotchnev, Andrey"]
[Result "0-1"]
[WhiteElo "2186"]
[BlackElo "2067"]
[PlyCount "114"]
[EventDate "2010.02.12"]
[EventType "swiss"]
[EventRounds "9"]
[EventCountry "RUS"]
[SourceTitle "EXT 2012"]
[Source "ChessBase"]
[SourceDate "2011.11.24"]
[SourceVersion "1"]
[SourceVersionDate "2011.11.24"]
[SourceQuality "1"]

1. d4 Nf6 2. c4 c5 3. e3 g6 4. Nf3 Bg7 5. Bd3 0-0 6. 0-0 d6 7. Nc3 a6 8. Qe2 Bg4 9. h3 Bxf3 10. Qxf3 Nc6 11. d5 Ne5 12. Qe2 Nxd3 13. Qxd3 Rb8 14. a4 Nd7 15. e4 h6 16. Be3 Qb6 17. a5 Qxb2 18. Na4 Qb4 19. Rfb1 Ne5 20. Qd1 Qxc4 21. Nb6 Qd3 22. Qxd3 Nxd3 23. Ra3 Nb4 24. Nd7 Nc2 25. Ra2 Nxe3 26. fxe3 Bc3 27. Nxb8 Rxb8 28. Kf2 Kf8 29. Ke2 Ke8 30. Kd3 Bb4 31. g4 f6 32. h4 g5 33. Rh1 Kd7 34. hxg5 hxg5 35. Rh7 Rc8 36. Kc4 Be1 37. Ra1 Bd2 38. e5 fxe5 39. Rg7 Bxe3 40. Rb1 Rb8 41. Rb2 Bf4 42. Kd3 Bc1 43. Rh2 Rc8 44. Kc4 Rf8 45. Rhh7 Re8 46. Kd3 Bf4 47. Rh1 Rc8 48. Rb1 Rb8 49. Rh7 Bg3 50. Rf7 Bh2 51. Rb2 Bg3 52. Rg7 e4+ 53. Kxe4 Be5 54. Rxb7+ Rxb7 55. Rxg5 Rb4+ 56. Kf5 Rf4+ 57. Kg6 Bf6 0-1

[Event "Izhevsk Kupol CC-ch"]
[Site "Izhevsk"]
[Date "2010.01.28"]
[Round "8"]
[White "Kotchnev, Andrey"]
[Black "Poletaev, Vitaly"]
[Result "1/2-1/2"]
[WhiteElo "2067"]
[BlackElo "2078"]
[PlyCount "28"]
[EventDate "2010.01.12"]
[EventType "tourn"]
[EventRounds "11"]
[EventCountry "RUS"]
[SourceTitle "EXT 2012"]
[Source "ChessBase"]
[SourceDate "2011.11.24"]
[SourceVersion "1"]
[SourceVersionDate "2011.11.24"]
[SourceQuality "1"]

1. e4 c6 2. d4 d5 3. exd5 cxd5 4. Bd3 Nc6 5. c3 Nf6 6. Nf3 Bg4 7. h3 Bxf3 8. Qxf3 e6 9. Bf4 Bd6 10. Bxd6 Qxd6 11. 0-0 0-0 12. Nd2 Rac8 13. Rfe1 Ne8 14. Rac1 a6 1/2-1/2

[Event "Gornozavodsk Europe-Asia op"]
[Site "Gornozavodsk"]
[Date "2009.11.11"]
[Round "?"]
[White "Kotchnev, Andrey"]
[Black "Pershina, Elena"]
[Result "0-1"]
[WhiteElo "2076"]
[BlackElo "1992"]
[PlyCount "20"]
[EventDate "2009.11.07"]
[EventType "swiss"]
[EventRounds "11"]
[EventCountry "RUS"]
[SourceTitle "EXT 2012"]
[Source "ChessBase"]
[SourceDate "2011.11.24"]
[SourceVersion "1"]
[SourceVersionDate "2011.11.24"]
[SourceQuality "1"]

1. e4 c5 2. Nf3 Nc6 3. d4 cxd4 4. Nxd4 g6 5. c4 Bg7 6. Be3 Nf6 7. Nc3 Ng4 8. Nxc6 Nxe3 9. Nxd8 Nxd1 10. Nxf7 Nxc3 0-1

[Event "Gornozavodsk Europe-Asia op"]
[Site "Gornozavodsk"]
[Date "2009.11.10"]
[Round "?"]
[White "Inkin, Viktor"]
[Black "Kotchnev, Andrey"]
[Result "1-0"]
[WhiteElo "2130"]
[BlackElo "2076"]
[PlyCount "97"]
[EventDate "2009.11.07"]
[EventType "swiss"]
[EventRounds "11"]
[EventCountry "RUS"]
[SourceTitle "EXT 2012"]
[Source "ChessBase"]
[SourceDate "2011.11.24"]
[SourceVersion "1"]
[SourceVersionDate "2011.11.24"]
[SourceQuality "1"]

1. d4 d5 2. c4 e5 3. dxe5 d4 4. e4 Nc6 5. f4 f6 6. exf6 Nxf6 7. Bd3 Bb4+ 8. Nd2 0-0 9. a3 Be7 10. Ndf3 Ng4 11. Qe2 Na5 12. Bc2 Be6 13. b3 d3 14. Qxd3 Qxd3 15. Bxd3 Nxb3 16. Rb1 Nxc1 17. Rxc1 Rxf4 18. Rc3 Bc5 19. Nh3 Rff8 20. Nhg5 Bd7 21. e5 Bf5 22. Bxf5 Rxf5 23. h3 Nxe5 24. Kd1 Rd8+ 25. Kc2 Nxf3 26. Nxf3 Re8 27. Rd1 Re2+ 28. Kb3 Rxg2 29. Nh4 Rgg5 30. Nxf5 Rxf5 31. Rd8+ Rf8 32. Rd7 Rf7 33. Rcd3 Bd6 34. Rxf7 Kxf7 35. Kc3 b6 36. a4 a5 37. Kd4 g5 38. Ke4 Ke6 39. Rf3 h5 40. Rf5 Be7 41. Rd5 c6 42. Rf5 Bf6 43. c5 b5 44. axb5 cxb5 45. c6 Bd8 46. Rxb5 Kd6 47. Rd5+ Kc7 48. Rd7+ Kc8 49. Kd5 1-0

[Event "Izhevsk op"]
[Site "Izhevsk"]
[Date "2009.07.21"]
[Round "7"]
[White "Makarenko, Alexandra"]
[Black "Kotchnev, Andrey"]
[Result "0-1"]
[WhiteElo "1970"]
[BlackElo "2103"]
[PlyCount "112"]
[EventDate "2009.07.15"]
[EventType "swiss"]
[EventRounds "9"]
[EventCountry "RUS"]
[SourceTitle "EXT 2010"]
[Source "ChessBase"]
[SourceDate "2010.11.25"]
[SourceVersion "1"]
[SourceVersionDate "2010.11.25"]
[SourceQuality "1"]

1. e4 c5 2. Nf3 e6 3. d4 cxd4 4. Nxd4 a6 5. Nc3 Qc7 6. Be2 Nf6 7. 0-0 Be7 8. Be3 b5 9. a3 Bb7 10. Qd3 d6 11. f4 Nbd7 12. b4 Rc8 13. Bd2 Nb6 14. Bf3 Nc4 15. Be1 0-0 16. g4 Rfd8 17. g5 Nd7 18. h4 Nde5 19. fxe5 dxe5 20. Ndxb5 axb5 21. Qe2 Qb6+ 22. Qf2 Qxf2+ 23. Rxf2 Bc6 24. Bh5 g6 25. Be2 Rd4 26. Bd3 Be8 27. Ne2 Rdd8 28. Bc3 Bd6 29. Rh2 Bb8 30. h5 Ba7+ 31. Kg2 Bd4 32. hxg6 hxg6 33. Rah1 Kf8 34. Bxd4 exd4 35. Bxc4 Rxc4 36. Rc1 e5 37. Rh3 Ke7 38. Rd3 Bc6 39. Kf3 Rh8 40. Ng3 Rh4 41. Rb3 Rf4+ 42. Kg2 Bxe4+ 43. Nxe4 Rxe4 44. Kf3 Rf4+ 45. Kg3 Rf5 46. Rd3 e4 47. Re1 Rxg5+ 48. Kf4 Rf5+ 49. Kg4 Re5 50. Rd2 Ke6 51. Rf2 d3 52. Rh2 Rxc2 53. Rxc2 dxc2 54. Kf4 e3 55. Kf3 e2 56. Kf2 Kd5 0-1

[Event "Izhevsk op"]
[Site "Izhevsk"]
[Date "2009.07.15"]
[Round "1"]
[White "Smirnov, Alexey1"]
[Black "Kotchnev, Andrey"]
[Result "1-0"]
[WhiteElo "2415"]
[BlackElo "2103"]
[PlyCount "53"]
[EventDate "2009.07.15"]
[EventType "swiss"]
[EventRounds "9"]
[EventCountry "RUS"]
[SourceTitle "EXT 2010"]
[Source "ChessBase"]
[SourceDate "2010.11.25"]
[SourceVersion "1"]
[SourceVersionDate "2010.11.25"]
[SourceQuality "1"]

1. e4 c5 2. Nf3 e6 3. d4 cxd4 4. Nxd4 a6 5. Nc3 Qc7 6. Be2 b5 7. 0-0 Bb7 8. Bf3 d6 9. a4 bxa4 10. Re1 Nd7 11. Rxa4 Be7 12. Bh5 g6 13. Bg4 h5 14. Bxe6 fxe6 15. Nxe6 Qc6 16. Rd4 Kf7 17. Ng5+ Kg7 18. Nd5 Bxg5 19. Bxg5 Ne5 20. Re3 Rc8 21. Rc3 Qe8 22. Nc7 Qf7 23. Rxd6 Rxc7 24. Rxc7 Qxc7 25. Qd4 Bc8 26. Bf4 Qxc2 27. Bxe5+ 1-0

[Event "Europe-Asia op"]
[Site "Perm"]
[Date "2008.11.??"]
[Round "11"]
[White "Kohanov, Boris"]
[Black "Kotchnev, Andrey"]
[Result "1-0"]
[WhiteElo "1954"]
[BlackElo "2125"]
[PlyCount "59"]
[EventDate "2008.11.10"]
[EventType "swiss"]
[EventRounds "11"]
[EventCountry "RUS"]
[SourceTitle "EXT 2022"]
[Source "ChessBase"]
[SourceDate "2021.10.06"]
[SourceVersion "1"]
[SourceVersionDate "2021.10.06"]
[SourceQuality "1"]

1. e4 c5 2. Nf3 Nc6 3. d4 cxd4 4. Nxd4 g6 5. Nxc6 bxc6 6. Qd4 f6 7. Bc4 Ba6 8. 0-0 Qb6 9. Qc3 Bxc4 10. Qxc4 Bh6 11. Nc3 Bxc1 12. Raxc1 Nh6 13. Rcd1 Ng4 14. Qe2 Ne5 15. b3 Rd8 16. Na4 Qa5 17. c4 0-0 18. f4 Nf7 19. Rd3 e6 20. c5 d5 21. cxd6 Rxd6 22. Rxd6 Nxd6 23. Rc1 Qb4 24. Rxc6 e5 25. g3 Qxe4 26. Qxe4 Nxe4 27. Nc5 Nxc5 28. Rxc5 exf4 29. gxf4 Kf7 30. Rc7+ 1-0

[Event "Gornozavodsk op"]
[Site "Gornozavodsk"]
[Date "2007.11.??"]
[Round "7"]
[White "Kotchnev, Andrey"]
[Black "Kushka, Alena"]
[Result "1/2-1/2"]
[WhiteElo "2147"]
[BlackElo "2036"]
[PlyCount "82"]
[EventDate "2007.11.??"]
[EventType "swiss"]
[EventRounds "11"]
[EventCountry "RUS"]
[SourceTitle "CBM 121 Extra"]
[Source "ChessBase"]
[SourceDate "2008.01.10"]
[SourceVersion "1"]
[SourceVersionDate "2008.01.10"]
[SourceQuality "1"]

1. c4 e5 2. Nc3 Nf6 3. g3 Bb4 4. Bg2 0-0 5. Nf3 Re8 6. 0-0 e4 7. Ng5 Bxc3 8. dxc3 h6 9. Nh3 d6 10. Nf4 Nc6 11. Nd5 Ng4 12. b3 f5 13. Qc2 Ne7 14. h3 Ne5 15. f4 Nd7 16. Be3 b6 17. Rad1 Bb7 18. Kh2 Kh8 19. Qd2 Ng8 20. Bf2 Ndf6 21. Ne3 Qd7 22. Nc2 Qf7 23. Ne3 Ne7 24. Qb2 Rg8 25. b4 a5 26. a3 g6 27. c5 Nc8 28. c4 Kh7 29. cxd6 cxd6 30. c5 d5 31. bxa5 bxc5 32. Rc1 Rxa5 33. Rfd1 Qg7 34. Qd2 Rb5 35. a4 Rb2 36. Rc2 Rxc2 37. Qxc2 Qe7 38. Qb2 Rd8 39. Rb1 Ba6 40. Qc2 Qd6 41. Qc1 Ne7 1/2-1/2

[Event "Gornozavodsk op"]
[Site "Gornozavodsk"]
[Date "2007.11.??"]
[Round "9"]
[White "Kotchnev, Andrey"]
[Black "Shakhmatov, Vyacheslav"]
[Result "1-0"]
[WhiteElo "2147"]
[BlackElo "2145"]
[PlyCount "97"]
[EventDate "2007.11.??"]
[EventType "swiss"]
[EventRounds "11"]
[EventCountry "RUS"]
[SourceTitle "CBM 121 Extra"]
[Source "ChessBase"]
[SourceDate "2008.01.10"]
[SourceVersion "1"]
[SourceVersionDate "2008.01.10"]
[SourceQuality "1"]

1. e4 d5 2. exd5 Qxd5 3. Nc3 Qa5 4. Qf3 e6 5. Nh3 Nd7 6. d4 c6 7. Bd3 Ngf6 8. 0-0 Qc7 9. Re1 Bd6 10. Kh1 0-0 11. Bf4 Bxf4 12. Qxf4 Qxf4 13. Nxf4 c5 14. dxc5 Nxc5 15. Bf1 a6 16. b4 Ncd7 17. b5 axb5 18. Bxb5 Nc5 19. a4 Bd7 20. Rad1 Rfd8 21. Rd4 Bxb5 22. Rxd8+ Rxd8 23. axb5 Rd2 24. Rd1 Nfe4 25. Nxe4 Nxe4 26. Rxd2 Nxd2 27. Nd3 Ne4 28. f3 Nc3 29. b6 Nd5 30. Nc5 Nxb6 31. Nxb7 Kf8 32. Kg1 Ke7 33. Kf2 Kd7 34. Ke3 Kc6 35. Na5+ Kb5 36. Nb7 Kc4 37. Kd2 Nd5 38. Nd8 Nf4 39. g3 Nh5 40. Nxf7 Kd5 41. Ng5 h6 42. Nf7 e5 43. Kd3 Nf6 44. c4+ Kc5 45. Nxe5 Ne8 46. Nd7+ Kc6 47. Nf8 Nc7 48. Kd4 Kd6 49. f4 1-0

[Event "Gornozavodsk op"]
[Site "Gornozavodsk"]
[Date "2007.11.??"]
[Round "8"]
[White "Simakov, Andrey Grigorievich"]
[Black "Kotchnev, Andrey"]
[Result "0-1"]
[WhiteElo "2084"]
[BlackElo "2147"]
[PlyCount "62"]
[EventDate "2007.11.??"]
[EventType "swiss"]
[EventRounds "11"]
[EventCountry "RUS"]
[SourceTitle "CBM 121 Extra"]
[Source "ChessBase"]
[SourceDate "2008.01.10"]
[SourceVersion "1"]
[SourceVersionDate "2008.01.10"]
[SourceQuality "1"]

1. e4 e6 2. d4 d5 3. Nc3 Nf6 4. Bg5 Be7 5. e5 Nfd7 6. Bxe7 Qxe7 7. f4 0-0 8. Nf3 f5 9. Bd3 a6 10. b3 c5 11. Ne2 Nc6 12. c3 b5 13. 0-0 c4 14. bxc4 dxc4 15. Bc2 Bb7 16. a4 Nb6 17. Qb1 b4 18. Nd2 a5 19. Qa2 b3 20. Nxb3 cxb3 21. Bxb3 Nd8 22. c4 Nc6 23. d5 Nb4 24. Qd2 Rad8 25. Nc3 exd5 26. cxd5 N4xd5 27. Nxd5 Bxd5 28. Bxd5+ Rxd5 29. Qa2 Kh8 30. Rfb1 Qc5+ 31. Kh1 Rfd8 0-1

[Event "Dubna op"]
[Site "Dubna"]
[Date "2007.08.10"]
[Round "12"]
[White "Leonidov, Vladimir1"]
[Black "Kotchnev, Andrey"]
[Result "1-0"]
[WhiteElo "2171"]
[BlackElo "2125"]
[PlyCount "75"]
[EventDate "2007.08.02"]
[EventType "swiss"]
[EventRounds "14"]
[EventCountry "RUS"]
[SourceTitle "EXT 2008"]
[Source "ChessBase"]
[SourceDate "2007.11.25"]
[SourceVersion "1"]
[SourceVersionDate "2007.11.25"]
[SourceQuality "1"]

1. e4 c5 2. Nf3 e6 3. c3 d5 4. exd5 Qxd5 5. d4 Nf6 6. Be2 cxd4 7. Nxd4 Qxg2 8. Bf3 Qh3 9. Qb3 Nbd7 10. Nd2 Bc5 11. Rg1 0-0 12. Rg3 Qh4 13. Nf1 h6 14. Be3 Bd6 15. Rg2 Ne5 16. Be2 Neg4 17. 0-0-0 Nxe3 18. Nxe3 Bf4 19. Rdg1 g6 20. Bd3 Kg7 21. Kb1 Bxe3 22. fxe3 e5 23. Nf3 Qh5 24. Be2 Bh3 25. Rg3 Ne4 26. Nxe5 Qh4 27. Nf3 Qe7 28. Rxh3 Qd7 29. Rh4 Nd2+ 30. Nxd2 Qxd2 31. Qc2 Qxe3 32. Rhg4 Rad8 33. Rxg6+ Kh8 34. R6g3 Qf4 35. Rf1 Qh4 36. Qf5 f6 37. Bd3 Rf7 38. Rh3 1-0

[Event "Dubna op"]
[Site "Dubna"]
[Date "2007.08.08"]
[Round "8"]
[White "Kotchnev, Andrey"]
[Black "Volkov, Evgeny"]
[Result "1/2-1/2"]
[WhiteElo "2125"]
[BlackElo "2184"]
[PlyCount "63"]
[EventDate "2007.08.02"]
[EventType "swiss"]
[EventRounds "14"]
[EventCountry "RUS"]
[SourceTitle "EXT 2008"]
[Source "ChessBase"]
[SourceDate "2007.11.25"]
[SourceVersion "1"]
[SourceVersionDate "2007.11.25"]
[SourceQuality "1"]

1. e4 c5 2. Nc3 e6 3. Nge2 d5 4. exd5 exd5 5. d4 Nf6 6. Bg5 Be6 7. Nf4 cxd4 8. Qxd4 Nc6 9. Bb5 a6 10. Bxf6 gxf6 11. Bxc6+ bxc6 12. 0-0 Bd6 13. Nd3 Rg8 14. f4 f5 15. Na4 Rb8 16. Rac1 Qa5 17. b3 h5 18. Ndc5 Ke7 19. c3 Rg6 20. Rf2 Rbg8 21. Nb7 Qb5 22. Nxd6 Kxd6 23. c4 Qa5 24. Rcc2 h4 25. h3 Rg3 26. Kh2 R3g6 27. Qa7 Qc7 28. Qxa6 dxc4 29. bxc4 Ke7 30. Rf1 Rb8 31. Nc5 Qb6 32. Qxb6 1/2-1/2

[Event "Dubna op"]
[Site "Dubna"]
[Date "2007.08.08"]
[Round "9"]
[White "Kotchnev, Andrey"]
[Black "Zuzin, Vladimir"]
[Result "0-1"]
[WhiteElo "2125"]
[BlackElo "2265"]
[PlyCount "94"]
[EventDate "2007.08.02"]
[EventType "swiss"]
[EventRounds "14"]
[EventCountry "RUS"]
[SourceTitle "EXT 2008"]
[Source "ChessBase"]
[SourceDate "2007.11.25"]
[SourceVersion "1"]
[SourceVersionDate "2007.11.25"]
[SourceQuality "1"]

1. Nf3 Nf6 2. c4 g6 3. g3 Bg7 4. Bg2 0-0 5. 0-0 d6 6. Nc3 e5 7. d3 Nc6 8. Rb1 a5 9. a3 Bd7 10. b4 axb4 11. axb4 Qc8 12. b5 Ne7 13. Re1 Bh3 14. Bh1 h6 15. Qb3 Ng4 16. Ba3 Qe6 17. Nd5 Nxd5 18. cxd5 Qd7 19. Qb4 b6 20. Bb2 f5 21. Ra1 Rae8 22. Nd2 h5 23. e3 f4 24. exf4 exf4 25. Bxg7 fxg3 26. hxg3 Qxg7 27. Nf3 Qf6 28. Qd2 Ne5 29. Nxe5 Rxe5 30. Rxe5 Qxe5 31. Re1 Qf6 32. d4 h4 33. Qc3 hxg3 34. Qxg3 Bf5 35. Bg2 Kg7 36. Qe3 Bd7 37. Qe7+ Rf7 38. Qxf6+ Kxf6 39. Bf1 Re7 40. Rxe7 Kxe7 41. Bd3 Kf6 42. f3 Bf5 43. Be2 Kg5 44. Kf2 Kf4 45. Bf1 Bc2 46. Bc4 Bd1 47. Bd3 g5 0-1

[Event "Dubna op"]
[Site "Dubna"]
[Date "2007.08.07"]
[Round "7"]
[White "Bounin, Mikhail"]
[Black "Kotchnev, Andrey"]
[Result "0-1"]
[WhiteElo "2265"]
[BlackElo "2125"]
[PlyCount "104"]
[EventDate "2007.08.02"]
[EventType "swiss"]
[EventRounds "14"]
[EventCountry "RUS"]
[SourceTitle "EXT 2008"]
[Source "ChessBase"]
[SourceDate "2007.11.25"]
[SourceVersion "1"]
[SourceVersionDate "2007.11.25"]
[SourceQuality "1"]

1. Nf3 c5 2. g3 Nf6 3. Bg2 Nc6 4. d4 cxd4 5. Nxd4 Qb6 6. Nb3 g6 7. 0-0 Bg7 8. e4 0-0 9. Nc3 d6 10. Bg5 Be6 11. Qd2 Rfe8 12. Kh1 Bc4 13. Be3 Qd8 14. Rfe1 Ng4 15. Bf4 a5 16. h3 Nge5 17. Be3 Be6 18. Nd1 Nc4 19. Qc1 a4 20. Nd2 Nxe3 21. Nxe3 a3 22. c3 axb2 23. Qxb2 Qc8 24. Kh2 Ne5 25. Qc2 Ra3 26. Nb1 Ra7 27. f4 Nc4 28. a4 Nxe3 29. Rxe3 Qc5 30. Rf3 Rea8 31. Nd2 b5 32. f5 gxf5 33. exf5 Bd5 34. Ne4 Bxe4 35. Qxe4 d5 36. Qd3 bxa4 37. f6 Bxf6 38. Rxf6 exf6 39. Bxd5 Re8 40. Rf1 Qe3 41. Qf5 Qg5 42. Qf2 Rc7 43. Bf3 Rd8 44. Qb6 Rd2+ 45. Rf2 Rxf2+ 46. Qxf2 Rd7 47. Bg2 Rd2 48. Qf3 a3 49. h4 Qg6 50. Kh3 Rd3 51. Qa8+ Kg7 52. Bf3 Qf5+ 0-1